| 000 | 01342nam a22004097a 4500 | ||
|---|---|---|---|
| 003 | OSt | ||
| 005 | 20230519094340.0 | ||
| 008 | 221006b |||||||| |||| 00| 0 eng d | ||
| 040 | _cBiblioteca Lado V | ||
| 082 |
_a701.18 _bA658t |
||
| 100 |
_9828 _aAraeen, Rasheed _eeditora |
||
| 245 |
_aThird Text/ _bCriticalPerspectives on Contemporary Art & Culture | A New Beginning/ |
||
| 260 |
_bRoutledge _c2000 _aLondres |
||
| 300 |
_c19x25cm _a112p. |
||
| 366 | _eeng | ||
| 490 |
_a51 _v2000 _x0952-8822 |
||
| 505 | _aZygmunt Bauman | ||
| 505 | _aGeorge Ritzer | ||
| 505 | _aRoger Griffin | ||
| 505 | _aBrandon Taylor | ||
| 505 | _aRene Gimpel | ||
| 505 | _aRasheed Araeen | ||
| 505 | _aJuliet Flower MacCannell | ||
| 505 | _aNitzan Ben-Shaul | ||
| 505 | _aYannis Stavrakakis | ||
| 505 | _aJames Brown | ||
| 505 | _aJohn Theobald | ||
| 505 | _aContributors | ||
| 650 |
_2Tesauro de Arte & Arquitectura _aARTE _9703 |
||
| 650 |
_2Tesauro de Arte & Arquitectura _aCRITICA |
||
| 650 |
_2Tesauro de Arte & Arquitectura _aARTE CONTEMPORANEO |
||
| 650 |
_2Tesauro de Arte & Arquitectura _aAPRECIACION |
||
| 650 |
_2Tesauro de Arte & Arquitectura _aTEORIA |
||
| 650 |
_2Tesauro de Arte & Arquitectura _aANALISIS |
||
| 651 |
_2Tesauro de Arte & Arquitectura _aLONDRES |
||
| 942 |
_2ddc _c1 _h701.18 _iA658t _n0 |
||
| 999 |
_c3638 _d3638 |
||